| 000 | 00658nam a2200205 i 4500 | ||
|---|---|---|---|
| 001 | 87080 | ||
| 003 | ES-MaACL | ||
| 005 | 20230906175604.0 | ||
| 007 | t| | ||
| 008 | 041220s1944 sp ||||1| spa d | ||
| 100 | 1 |
_aKosári, Domingo de. _968620 |
|
| 245 | 1 | 0 |
_aHistoria de Hungría / _cDomingo de Kosári ; traducción especial para esta biblioteca y prólogo por Héctor del Valle. |
| 260 |
_aMadrid : _bAtlas, _c1944 ( _fOrbe) |
||
| 300 |
_a2 v. ; _c19 cm. |
||
| 490 | 1 |
_aCisneros ; _v67 ; 68 |
|
| 700 | 1 |
_aValle, Héctor del. _9112762 |
|
| 830 | 0 |
_aCisneros ; _v67 ; 68 _9182327 |
|
| 852 |
_aES-MaACL _jC-5130-31 _bR.25829 |
||
| 999 |
_c87080 _d87080 |
||